Snakes / (Record no. 35075)
[ view plain ]
| 000 -LEADER | |
|---|---|
| fixed length control field | 00567nam a22002177a 4500 |
| 003 - CONTROL NUMBER IDENTIFIER | |
| control field | OSt |
| 005 - DATE AND TIME OF LATEST TRANSACTION | |
| control field | 20140310184523.0 |
| 008 - FIXED-LENGTH DATA ELEMENTS--GENERAL INFORMATION | |
| fixed length control field | 131017t xxu||||| |||| 00| 0 eng d |
| 020 ## - INTERNATIONAL STANDARD BOOK NUMBER | |
| International Standard Book Number | 0439148715 |
| 050 ## - LIBRARY OF CONGRESS CALL NUMBER | |
| Classification number | QL 666.O6 |
| Item number | .Se456 2000 |
| 100 ## - MAIN ENTRY--PERSONAL NAME | |
| Personal name | Simon, Seymour. |
| 9 (RLIN) | 1176 |
| 245 ## - TITLE STATEMENT | |
| Title | Snakes / |
| Statement of responsibility, etc | Seymour Simon |
| 260 ## - PUBLICATION, DISTRIBUTION, ETC. (IMPRINT) | |
| Place of publication, distribution, etc | New York : |
| Name of publisher, distributor, etc | Scholastic Inc., |
| Date of publication, distribution, etc | 1992. |
| 300 ## - PHYSICAL DESCRIPTION | |
| Extent | 1 v.(unpaged) |
| Other physical details | col. ill .; |
| Dimensions | 24 cm. |
| 521 ## - TARGET AUDIENCE NOTE | |
| Target audience note | |
| 526 ## - STUDY PROGRAM INFORMATION NOTE | |
| Reading level | 1000 |
| 650 ## - SUBJECT ADDED ENTRY--TOPICAL TERM | |
| Topical term or geographic name as entry element | Snakes |
| 9 (RLIN) | 30004 |
| 700 ## - ADDED ENTRY--PERSONAL NAME | |
| Personal name | Simon, Seymour. |
| 9 (RLIN) | 1176 |
| 942 ## - ADDED ENTRY ELEMENTS (KOHA) | |
| Source of classification or shelving scheme | Library of Congress Classification |
| Koha item type | |
| Withdrawn status | Lost status | Source of classification or shelving scheme | Damaged status | Home library | Current library | Shelving location | Date acquired | Total Checkouts | Full call number | Barcode | Date last seen | Copy number | Price effective from | Koha item type |
|---|---|---|---|---|---|---|---|---|---|---|---|---|---|---|
| Library of Congress Classification | Luxembourg Library | Luxembourg Library | Scholastic Reading Center Section | 10/17/2013 | QL 666.O6 .Se456 2000 | SCHO0254 | 04/18/2017 | 1 | 01/30/2014 | Books |